Normal view MARC view

Entry Topical Term

Number of records used in: 1

001 - CONTROL NUMBER

  • control field: 14683

003 - CONTROL NUMBER IDENTIFIER

  • control field: dpl

005 - DATE AND TIME OF LATEST TRANSACTION

  • control field: 20100818123526.0

008 - FIXED-LENGTH DATA ELEMENTS

  • fixed length control field: 100818|||a|||||| | ||| d

040 ## - CATALOGING SOURCE

  • Original cataloging agency: dpl
  • Transcribing agency: dpl

150 ## - HEADING--TOPICAL TERM

  • Topical term or geographic name as entry element: India
  • Geographic subdivision: Himachal Pradesh

670 ## - SOURCE DATA FOUND

  • Source citation: Work cat.: (dpl)42360: Materials for the flora of Arunachal Pradesh /, 2008

670 ## - SOURCE DATA FOUND

  • Source citation: Work cat.: (dpl)42360: Materials for the flora of Arunachal Pradesh /, 2008

© Delhi Public Library
Hit Counter
free hit counter